Plan especial de regularización de deudas (Registro nro. 13564)
[ vista simple ]
| 000 -LEADER | |
|---|---|
| fixed length control field | 00359 a2200121 4500 |
| 001 - CONTROL NUMBER | |
| control field | ART_17210 |
| 005 - DATE AND TIME OF LATEST TRANSACTION | |
| control field | 20260410161644.0 |
| 008 - FIXED-LENGTH DATA ELEMENTS--GENERAL INFORMATION | |
| fixed length control field | 260409a |
| 100 1# - MAIN ENTRY--PERSONAL NAME | |
| Personal name | Taub, Isidoro L. |
| 245 10 - TITLE STATEMENT | |
| Title | Plan especial de regularización de deudas |
| 700 1# - ADDED ENTRY--PERSONAL NAME | |
| Personal name | Buono, Javier A. |
| 773 0# - HOST ITEM ENTRY | |
| Title | Consultor tributario |
| Related parts | - Año 7, Nº 76 (jun. 2013) |
| Record control number | REV474 |
No hay ítems disponibles.